| 000 | 00508 a2200181 4500 | ||
|---|---|---|---|
| 020 | _a0072476990 | ||
| 040 | _aDLC | ||
| 082 | 0 | 0 | _a621.395 |
| 100 | 1 | _aMarcovitz, Alan B. | |
| 245 | 1 | 0 |
_aIntroduction to logic design _cAlan B. Marcovitz. |
| 250 | _a1st ed. | ||
| 260 |
_aBoston : _bMcGraw-Hill, _c2002. |
||
| 300 |
_axi, 572 p. : _bill. ; _c24 cm. _e+ 1 computer optical disc (4 3/4 in.) |
||
| 500 | _aIncludes index. | ||
| 650 | 0 | _aLogic circuits. | |
| 650 | 0 | _aLogic design. | |
| 942 |
_cBK _k621.395 MAR _2ddc |
||
| 999 |
_c4687 _d4687 |
||